La Lengua de enseñanza en la legislación de Cataluña
ISBN:
84-393-3301-3
Descripción Física:
677 p. ; 21 cm
Colección:
Institut d'Estudis Autonòmics ; 21
MARC
| LEADER | 00000nam a2200000Ia 4500 | ||
|---|---|---|---|
| 001 | 17356 | ||
| 008 | 160829s1994 xx 000 0 cat d | ||
| 020 | |a 84-393-3301-3 | ||
| 080 | |a D-3-82 | ||
| 245 | |a La Lengua de enseñanza en la legislación de Cataluña | ||
| 260 | |a Barcelona : |b Generalitat de Catalunya. Institut d'Estudis Autonòmics, |c 1994 | ||
| 300 | |a 677 p. ; |c 21 cm | ||
| 490 | |a Institut d'Estudis Autonòmics ; 21 | ||
| 650 | |a Català en l'ensenyament |x Dret i legislació |x Catalunya |x 1994 |9 22100 | ||
| 901 | |a Arxiu | ||
| 942 | |n 1 | ||
| 952 | |0 1 |1 0 |2 udc |4 0 |5 2 |6 D382 |7 1 |9 42059 |a Arxiu |b Arxiu |d 2016-12-01 |l 0 |o D-3-82 |p 17356 |r 2016-12-01 00:00:00 |w 2016-12-01 |y ARXIU | ||
| 999 | |c 44506 |d 44506 | ||